[Event "ESP-ch op"]
[Site "Leon"]
[Date "2006.11.28"]
[Round "7"]
[White "Garcia Gonzalez, Manuel"]
[Black "Martinez Perez, Jorge"]
[Result "0-1"]
[WhiteElo "2152"]
[BlackElo "2043"]
[PlyCount "102"]
[EventDate "2006.11.22"]
[EventType "swiss"]
[EventRounds "9"]
[EventCountry "ESP"]
[SourceTitle "CBM 115 Extra"]
[Source "ChessBase"]
[SourceDate "2007.01.10"]
[SourceVersion "1"]
[SourceVersionDate "2007.01.10"]
[SourceQuality "1"]

1. d4 f5 2. g3 d6 3. Bg2 g6 4. Nh3 c6 5. 0-0 Bg7 6. c3 Nf6 7. Nd2 0-0 8. Nf4 e5 9. dxe5 dxe5 10. Qb3+ Kh8 11. Ne6 Bxe6 12. Qxe6 e4 13. Qb3 Qe7 14. Nc4 Nd5 15. Ne3 Nb6 16. Nc2 Na6 17. Be3 Nd5 18. Bd4 f4 19. Bxg7+ Kxg7 20. Qc4 Rae8 21. Qd4+ Kg8 22. Qxa7 Nc5 23. c4 Ra8 24. Qxa8 Rxa8 25. cxd5 cxd5 26. Rfd1 Re8 27. gxf4 Qc7 28. Nd4 Qb6 29. b3 h5 30. Rac1 h4 31. Rxc5 Qxc5 32. e3 Rc8 33. Bh3 Rd8 34. Bg4 Rd6 35. a4 Kf7 36. Kg2 Rf6 37. Rd2 Rc6 38. Bd7 Rc7 39. Be6+ Ke7 40. Rd1 Kf6 41. Kh3 Rh7 42. Rg1 Re7 43. Bg4 Rh7 44. Be6 Qa5 45. Rg5 Qe1 46. Kg2 Rc7 47. Bxd5 Rc1 48. Bc4 Qg1+ 49. Kh3 Qxf2 50. Ne2 Rh1 51. Rg2 Qf3+ 0-1